| 000 | 00853nam a2200229 a 4500 | ||
|---|---|---|---|
| 001 | BRCA_7250 | ||
| 005 | 20190320205753.0 | ||
| 008 | 250112r1941----mx-a######---#000-0#spa-# | ||
| 041 | _aspa | ||
| 044 | _amx | ||
| 050 | 4 |
_aE101 _b.M48 |
|
| 110 | 2 |
_aUniversidad Autonoma de Mexico _bInstituto de Investigaciones Esteticas _917962 |
|
| 245 | 1 | 0 | _aCarta de Americo Vespucio de las islas nuevamente descubiertas en cuatro de sus viajes |
| 260 |
_aMéxico _bUNAM. Instituto de Investigaciones Esteticas _c1941 |
||
| 300 |
_axi, 68 p. _bil. _c23 cm. |
||
| 500 | _aEdicion facsimilar de un impreso publicado entre 1505 y 1516. Se reimprime en conmemoracion del dia de la raza, 12 de octubre de 1941 | ||
| 500 | _aP158 | ||
| 650 | 1 | 4 |
_aViajes y travesias _94701 |
| 651 | 4 |
_aAmerica _xDescubrimiento y exploraciones _915787 |
|
| 902 | _aGFM | ||
| 942 |
_2lcc _cB |
||
| 999 |
_c6931 _d6931 |
||